[Event "Qatar Masters Open 2023"]
[Site "Doha QAT"]
[Date "2023.10.14"]
[Round "4.41"]
[White "Ohanyan, Emin"]
[Black "Bagwe, Gaurang"]
[Result "1/2-1/2"]
[WhiteTitle "IM"]
[BlackTitle "FM"]
[WhiteElo "2474"]
[BlackElo "2348"]
[WhiteFideId "13312022"]
[BlackFideId "45039895"]
[EventDate "2023.10.11"]

1. d4 d5 2. c4 e6 3. Nf3 Nf6 4. g3 Be7 5. Bg2 O-O 6. O-O dxc4 7. Qa4 a6 8. Qxc4
b5 9. Qc2 Bb7 10. Bd2 Be4 11. Qd1 c5 12. dxc5 Bxc5 13. Nc3 Bb7 14. Rc1 Nbd7 15.
a3 Qe7 16. b4 Ba7 17. Qb3 Rac8 18. Rfd1 Rc4 19. Be1 Rfc8 20. Nd2 Bxg2 21. Kxg2
R4c6 22. Na2 Ne5 23. Rxc6 Rxc6 24. Rc1 Qb7 25. Kg1 h6 26. Rxc6 Qxc6 27. Qc3 Qd6
28. Qc8+ Kh7 29. Nc1 Nfd7 30. Qc2+ Kg8 31. Ncb3 Qc6 32. Qd1 h5 33. Na5 Qd6 34.
Qc2 f5 35. Nf1 Nf6 36. a4 Ne4 37. axb5 axb5 38. Kg2 Ng4 39. e3 Qd5 40. Qc6 Ngf6
41. Nd2 1/2-1/2

[Event "Qatar Masters Open 2023"]
[Site "Doha QAT"]
[Date "2023.10.14"]
[Round "4.42"]
[White "Muthaiah, AL"]
[Black "Ashraf, Artin"]
[Result "0-1"]
[WhiteTitle "IM"]
[BlackTitle "FM"]
[WhiteElo "2470"]
[BlackElo "2340"]
[WhiteFideId "5092442"]
[BlackFideId "22514805"]
[EventDate "2023.10.11"]

1. Nf3 d5 2. d4 Nf6 3. c4 e6 4. Nc3 Bb4 5. cxd5 exd5 6. Bg5 h6 7. Bxf6 Qxf6 8.
Qb3 c5 9. a3 Bxc3+ 10. Qxc3 b6 11. e3 O-O 12. Be2 Bg4 13. dxc5 Qxc3+ 14. bxc3
bxc5 15. Ne5 Bxe2 16. Kxe2 Re8 17. Nf3 Nd7 18. Rab1 Rab8 19. Rhd1 Nf6 20. Nd2
Rb6 21. Rxb6 axb6 22. Rb1 Ra8 23. Ra1 Ra4 24. f3 Kf8 25. Kd3 Ke7 26. Kc2 Kd6 27.
Kb3 b5 28. Re1 Nd7 29. e4 d4 30. cxd4 Rxd4 31. Kc2 Kc6 32. Nb3 Ra4 33. Ra1 Nb6
34. Nd2 b4 35. Nb1 Nc4 36. Kb3 Kb5 37. axb4 Rxa1 38. Nc3+ Kc6 39. b5+ Kd6 40.
Kxc4 Rh1 41. e5+ Kxe5 42. Kxc5 Rc1 43. Kc4 Rc2 44. g4 Rxh2 45. Ne4 Rc2+ 46. Kd3
Rb2 47. Kc4 Kf4 48. Nd6 Kxf3 49. Kc5 Kxg4 50. b6 h5 51. Nb5 Rc2+ 52. Kd6 Rc8 53.
Na7 Rb8 54. Kc7 Rxb6 55. Kxb6 h4 0-1

[Event "Qatar Masters Open 2023"]
[Site "Doha QAT"]
[Date "2023.10.14"]
[Round "4.43"]
[White "Raahul, V S"]
[Black "Stany, G.A."]
[Result "1/2-1/2"]
[WhiteTitle "IM"]
[BlackTitle "GM"]
[WhiteElo "2340"]
[BlackElo "2469"]
[WhiteFideId "25035525"]
[BlackFideId "5029104"]
[EventDate "2023.10.11"]

1. c4 Nf6 2. Nc3 d5 3. cxd5 Nxd5 4. e4 Nxc3 5. dxc3 Qxd1+ 6. Kxd1 e5 7. Be3 Be6
8. Nf3 f6 9. Nd2 Nd7 10. Kc2 Bc5 11. Bxc5 Nxc5 12. b4 Nd7 13. Bc4 Nf8 14. Bxe6
Nxe6 15. Nc4 O-O-O 16. h4 h5 17. a4 c6 18. g3 Kc7 19. Rae1 Rhe8 20. Rhf1 Nf8 21.
Rd1 Rxd1 22. Rxd1 Re7 23. a5 Ne6 24. Rf1 Nd8 25. Kd3 Nf7 26. f4 Nd6 27. Nxd6
Kxd6 28. Rd1 Rd7 29. Kc4+ Ke7 30. Rxd7+ Kxd7 1/2-1/2

[Event "Qatar Masters Open 2023"]
[Site "Doha QAT"]
[Date "2023.10.14"]
[Round "4.44"]
[White "Assaubayeva, Bibisara"]
[Black "Mayank, Chakraborty"]
[Result "1/2-1/2"]
[WhiteTitle "IM"]
[BlackTitle "CM"]
[WhiteElo "2469"]
[BlackElo "2333"]
[WhiteFideId "13708694"]
[BlackFideId "25659766"]
[EventDate "2023.10.11"]

1. d4 Nf6 2. c4 e6 3. Nf3 d5 4. Nc3 Bb4 5. Qa4+ Nc6 6. e3 O-O 7. Qc2 b6 8. a3
Bxc3+ 9. Qxc3 Ba6 10. b4 Bxc4 11. Bxc4 dxc4 12. Qxc4 Qd5 13. Qxd5 exd5 14. Bd2
Nd8 15. O-O Ne4 16. Rfc1 Ne6 17. b5 Rfc8 18. Rab1 f6 19. a4 a6 20. Rc2 axb5 21.
axb5 Nd6 22. Ne1 Nc4 23. Bb4 Ra4 24. Nd3 Rca8 25. h4 Ra1 26. Rcc1 Rxb1 27. Rxb1
Kf7 28. Be1 Na3 29. Rb2 Nc4 30. Rb1 Na3 31. Rb2 Nc4 32. Rb1 1/2-1/2

[Event "Qatar Masters Open 2023"]
[Site "Doha QAT"]
[Date "2023.10.14"]
[Round "4.45"]
[White "Suyarov, Mukhammadzokhid"]
[Black "Chen, Qi b"]
[Result "1-0"]
[WhiteTitle "FM"]
[BlackTitle "IM"]
[WhiteElo "2340"]
[BlackElo "2465"]
[WhiteFideId "14210495"]
[BlackFideId "8614733"]
[EventDate "2023.10.11"]

1. e4 c5 2. Nf3 d6 3. Bb5+ Nd7 4. O-O a6 5. Bxd7+ Bxd7 6. d4 cxd4 7. Qxd4 Nf6 8.
Bg5 e6 9. c4 Be7 10. Nc3 O-O 11. Rad1 Bc6 12. Rfe1 Qa5 13. Qd2 Qc5 14. b3 Rfe8
15. Be3 Qh5 16. Bf4 Rad8 17. a4 d5 18. exd5 exd5 19. Bc7 Rd7 20. Re5 Qh6 21.
Qxh6 gxh6 22. cxd5 Nxd5 23. Nxd5 Bxd5 24. Rexd5 Rxc7 25. Nd4 Rc3 26. g3 Bf6 27.
Nf5 Rxb3 28. Rd7 Rf8 29. Nxh6+ Kg7 30. Nf5+ Kg6 31. Ne3 Re8 32. h4 Re7 33. h5+
Kxh5 34. Nd5 Re6 35. Nf4+ Kg4 36. Nxe6 fxe6 37. Rxh7 Rb4 38. Kg2 Kf5 39. Rdh1 b6
40. R1h5+ 1-0

[Event "Qatar Masters Open 2023"]
[Site "Doha QAT"]
[Date "2023.10.14"]
[Round "4.46"]
[White "Tan, Jun Ying"]
[Black "Haldorsen, Benjamin"]
[Result "1-0"]
[WhiteTitle "CM"]
[BlackTitle "IM"]
[WhiteElo "2250"]
[BlackElo "2454"]
[WhiteFideId "5710413"]
[BlackFideId "1512633"]
[EventDate "2023.10.11"]

1. d4 d5 2. c4 e6 3. Nc3 Nf6 4. cxd5 exd5 5. Bg5 Be7 6. e3 h6 7. Bh4 c6 8. Bd3
O-O 9. Qc2 Ne8 10. Bg3 Nd6 11. Nge2 Re8 12. O-O Bf8 13. Rae1 a5 14. Nf4 Na6 15.
a3 b5 16. f3 Nc4 17. Nd1 Bb7 18. Qf2 c5 19. Bb1 Qb6 20. h4 cxd4 21. exd4 g6 22.
Nd3 Bg7 23. Ne5 h5 24. f4 f5 25. Kh1 Kh7 26. Bh2 Nd6 27. Nc3 Ne4 28. Nxe4 dxe4
29. Ba2 Red8 30. Bf7 Rd6 31. Bg1 Nc7 32. Rc1 Nd5 33. Qg3 Bh6 34. Rc5 Rf8 35. a4
e3 36. Rxb5 Qc7 37. Bxg6+ Kh8 38. Qf3 Bxf4 39. Qxh5+ Kg8 40. Rxd5 Bxd5 41. Rxf4
e2 42. Qxe2 Rdf6 43. Qh5 Qg7 44. Be3 Rb8 45. Rf2 f4 46. Bxf4 Rbf8 47. Qg5 Ba8
48. h5 Kh8 49. h6 Qg8 50. Nf7+ R8xf7 51. Be5 1-0

[Event "Qatar Masters Open 2023"]
[Site "Doha QAT"]
[Date "2023.10.14"]
[Round "4.47"]
[White "Rakshitta, Ravi"]
[Black "Nitish, Belurkar"]
[Result "0-1"]
[WhiteTitle "WGM"]
[BlackTitle "IM"]
[WhiteElo "2272"]
[BlackElo "2451"]
[WhiteFideId "25073230"]
[BlackFideId "5084768"]
[EventDate "2023.10.11"]

1. Nf3 c5 2. g3 Nc6 3. d4 cxd4 4. Nxd4 g6 5. Bg2 Bg7 6. Nxc6 bxc6 7. c4 Nf6 8.
Nc3 O-O 9. Bf4 d6 10. Qd2 Be6 11. O-O Bxc4 12. Bxc6 Rb8 13. b3 Ba6 14. Rac1 Qb6
15. Na4 Qc7 16. Bf3 Qd7 17. Qa5 Bb7 18. Qxa7 Qh3 19. e4 e5 20. Bg2 Qh5 21. Be3
Bxe4 22. Bxe4 Nxe4 23. Rc7 Nf6 24. Rxf7 Rxf7 25. Qxb8+ Bf8 26. Qa8 Ng4 27. Qg2
d5 28. Bd2 e4 29. Bc3 Bh6 30. Bd4 Bg7 31. Bxg7 Kxg7 32. Nc5 Rf6 33. h3 Ne5 34.
b4 Qe2 35. Nb3 Nf3+ 36. Kh1 Qxa2 37. Nc1 Qc4 38. Rd1 d4 39. Qf1 Qxf1+ 40. Rxf1
Nd2 41. Re1 Rxf2 42. Re2 e3 43. b5 Rf1+ 0-1

[Event "Qatar Masters Open 2023"]
[Site "Doha QAT"]
[Date "2023.10.14"]
[Round "4.48"]
[White "Ravi, Teja S."]
[Black "Avinash, Ramesh"]
[Result "1-0"]
[WhiteTitle "IM"]
[BlackTitle "IM"]
[WhiteElo "2448"]
[BlackElo "2286"]
[WhiteFideId "5017220"]
[BlackFideId "45018340"]
[EventDate "2023.10.11"]

1. d4 Nf6 2. Nf3 d5 3. Bf4 e6 4. e3 c5 5. c3 Nc6 6. Nbd2 cxd4 7. exd4 Nh5 8. Be3
Bd6 9. Ne5 g6 10. Nd3 O-O 11. g3 b6 12. Be2 Ng7 13. O-O Nf5 14. Bf4 f6 15. Nf3
Re8 16. Bxd6 Qxd6 17. Nf4 Bb7 18. Re1 Rad8 19. Bd3 Ng7 20. Bb5 a6 21. Bf1 e5 22.
dxe5 fxe5 23. Qxd5+ Qxd5 24. Nxd5 Rxd5 25. Bc4 Na5 26. Bxd5+ Bxd5 27. Nxe5 Nc6
28. Nxc6 Bxc6 29. Rxe8+ Nxe8 30. Rd1 Kf7 31. c4 Ke7 32. f4 Nd6 33. b3 a5 34. Kf2
h5 35. Re1+ Kf6 36. Ke3 Kf5 37. Kd4 Ne4 38. Re2 h4 39. gxh4 Kxf4 40. a3 Kf5 41.
b4 a4 42. Rg2 Kf6 43. h5 gxh5 44. Rg8 Nd6 45. Rb8 Nb7 46. Ra8 Nc5 47. Rc8 Ne6+
48. Kc3 Bg2 49. Rb8 h4 50. Rxb6 Ke5 51. b5 h3 52. Kb4 Nd4 53. Rh6 Nf3 54. b6
Nxh2 55. Rxh3 Nf1 56. Rh7 Ne3 57. b7 Bxb7 58. Rxb7 Kd4 59. Rd7+ 1-0

[Event "Qatar Masters Open 2023"]
[Site "Doha QAT"]
[Date "2023.10.14"]
[Round "4.49"]
[White "Saydaliev, Saidakbar"]
[Black "Senthil, Maran K"]
[Result "1-0"]
[WhiteTitle "IM"]
[BlackTitle "FM"]
[WhiteElo "2426"]
[BlackElo "2298"]
[WhiteFideId "14203693"]
[BlackFideId "25035681"]
[EventDate "2023.10.11"]

1. e4 c6 2. Nf3 d5 3. Nc3 Bg4 4. h3 Bxf3 5. Qxf3 e6 6. Be2 Nd7 7. O-O Ngf6 8. d4
dxe4 9. Nxe4 Nxe4 10. Qxe4 Nf6 11. Qd3 Qc7 12. Bf3 Bd6 13. c4 O-O 14. Bg5 Nd7
15. Rad1 Bh2+ 16. Kh1 Bf4 17. Be7 Rfe8 18. Bb4 Bd6 19. Bc3 Rad8 20. Rfe1 Bf8 21.
Qc2 Nf6 22. Re3 b5 23. b3 a5 24. Qe2 bxc4 25. bxc4 Bb4 26. Bb2 Bd6 27. g3 Qc8
28. Kg2 Qa6 29. Rd2 Bb4 30. Rc2 a4 31. Re5 a3 32. Ba1 Bf8 33. Bc3 h6 34. Rc1 c5
35. dxc5 Nd7 36. Re3 Nxc5 37. Rb1 Na4 38. Be5 Nc5 39. Rb5 f6 40. Bc7 Rd4 41. Bb6
Qc8 42. Rxa3 Rdd8 43. Ra8 Qd7 44. Rxd8 1-0

[Event "Qatar Masters Open 2023"]
[Site "Doha QAT"]
[Date "2023.10.14"]
[Round "4.50"]
[White "Fedoseev, Vladimir3"]
[Black "Peng, Hongchi"]
[Result "1-0"]
[WhiteTitle "GM"]
[WhiteElo "2691"]
[BlackElo "2395"]
[WhiteFideId "24130737"]
[BlackFideId "8609047"]
[EventDate "2023.10.11"]

1. Nf3 Nf6 2. c4 b6 3. d3 Bb7 4. e4 d6 5. Nc3 g6 6. h4 Bg7 7. Be2 e5 8. b4 a6 9.
a4 a5 10. b5 Nbd7 11. Nh2 Nc5 12. h5 Qe7 13. h6 Bf8 14. g4 Nfd7 15. Nd5 Bxd5 16.
cxd5 O-O-O 17. g5 Re8 18. Bg4 Kb8 19. Be3 Qd8 20. Nf3 Be7 21. Qc2 f6 22. d4 exd4
23. Nxd4 Ne5 24. Rb1 Rhf8 25. Rg1 f5 26. f4 Nxg4 27. Nc6+ Ka8 28. Bxc5 Qd7 29.
Rxg4 fxg4 30. Be3 g3 31. Kd2 Qh3 32. Kd3 Qd7 33. Nd4 Bd8 34. Qc6+ Qxc6 35. bxc6
Rf7 36. Ne6 Ka7 37. Rg1 Ka6 38. Rxg3 Rg8 39. Rg1 Ka7 40. Bd4 Kb8 41. Ke3 Kc8 42.
Kf3 Be7 43. Bg7 Bf8 44. Bc3 Be7 45. Kg4 Bf8 46. Rh1 Be7 47. Bg7 Bf8 48. Bxf8
Rfxf8 49. Nxf8 Rxf8 50. f5 Kd8 51. fxg6 hxg6 52. h7 Rh8 53. Kf4 Kc8 54. Ke3 Kb8
55. Kd4 Kc8 56. e5 Kd8 57. e6 b5 58. axb5 a4 59. Kc3 Ke7 60. b6 a3 61. Kb3 a2
62. Kxa2 Ra8+ 63. Kb2 Rh8 64. Kb3 Ke8 65. b7 Ke7 66. Rf1 Rxh7 67. Rf7+ 1-0

[Event "Qatar Masters Open 2023"]
[Site "Doha QAT"]
[Date "2023.10.14"]
[Round "4.51"]
[White "Bellahcene, Bilel"]
[Black "Ostrovskiy, Aleksandr"]
[Result "1-0"]
[WhiteTitle "GM"]
[BlackTitle "IM"]
[WhiteElo "2520"]
[BlackElo "2385"]
[WhiteFideId "696358"]
[BlackFideId "2034239"]
[EventDate "2023.10.11"]

1. e4 e5 2. Nf3 Nc6 3. Bb5 a6 4. Ba4 Nf6 5. d3 b5 6. Bb3 Bc5 7. Nc3 d6 8. Nd5 h6
9. c3 Rb8 10. h3 Nxd5 11. Bxd5 Ne7 12. Bb3 Ng6 13. O-O O-O 14. d4 Bb6 15. Be3
Qe7 16. Re1 Rd8 17. Qd2 Be6 18. Bc2 c5 19. d5 Bd7 20. a4 c4 21. axb5 axb5 22.
Bxb6 Rxb6 23. Ra7 Nf4 24. Qe3 Rbb8 25. Kh2 Qf6 26. g3 Ng6 27. Rea1 Nf8 28. Nd2
Be8 29. f4 exf4 30. gxf4 Ng6 31. Rf1 Ra8 32. Rxa8 Rxa8 33. Bb1 Bd7 34. Qg3 Re8
35. Rf2 Bc8 36. Nf1 Bd7 37. Ne3 h5 38. Qf3 h4 39. Ng4 Qe7 40. Rg2 Ra8 41. e5 Ra1
42. Bxg6 fxg6 43. e6 Be8 44. f5 gxf5 45. Qxf5 Kh8 46. Ne3 Re1 47. Qf2 Rb1 48.
Qf3 Re1 49. Qf4 Rb1 50. Rf2 Bg6 51. Nf5 Bxf5 52. Qxf5 Re1 53. Qf8+ Qxf8 54.
Rxf8+ Kh7 55. Kg2 Kg6 56. Kf2 Re5 57. Rd8 Rf5+ 58. Kg2 Rg5+ 59. Kf3 Kf6 60. Rxd6
Rg3+ 61. Ke4 Rxh3 62. Rd8 Rh1 63. Rf8+ Ke7 64. Rf7+ Kd6 65. Rd7+ Kc5 66. e7 Re1+
67. Kf3 h3 68. Kg3 Re3+ 69. Kh2 g5 70. d6 g4 71. Rd8 Re2+ 72. Kg3 h2 73. d7 Kc6
74. e8=Q h1=Q 75. Rc8+ Kb7 76. Rc7+ Ka6 77. Qg6+ Ka5 78. Ra7# 1-0

[Event "Qatar Masters Open 2023"]
[Site "Doha QAT"]
[Date "2023.10.14"]
[Round "4.52"]
[White "Raja, Rithvik R"]
[Black "Jaiveer, Mahendru"]
[Result "1-0"]
[WhiteTitle "GM"]
[BlackTitle "FM"]
[WhiteElo "2495"]
[BlackElo "2393"]
[WhiteFideId "35007394"]
[BlackFideId "25611151"]
[EventDate "2023.10.11"]

1. d4 d5 2. c4 e6 3. Nc3 Nf6 4. cxd5 exd5 5. Bg5 c6 6. e3 Be7 7. Bd3 Nbd7 8. Nf3
h6 9. Bf4 Nh5 10. Be5 Nxe5 11. dxe5 g6 12. h3 Ng7 13. Qc2 Qb6 14. O-O Nf5 15.
Rac1 Be6 16. Na4 Qc7 17. Nc5 Bxc5 18. Qxc5 Ne7 19. b4 O-O 20. Nd4 Qd7 21. Rfd1
Nf5 22. Bxf5 Bxf5 23. b5 Rfc8 24. bxc6 bxc6 25. Nxc6 Kh7 26. Qd6 Qb7 27. Nb4 Be6
28. Rxc8 Rxc8 29. Nxd5 Kg7 30. a3 g5 31. Nf6 Qb3 32. Kh2 Rb8 33. Qd3 Qxd3 34.
Rxd3 Kg6 35. g4 Kg7 36. Kg3 Kf8 37. Nd7+ Bxd7 38. Rxd7 a5 39. Rd5 1-0

[Event "Qatar Masters Open 2023"]
[Site "Doha QAT"]
[Date "2023.10.14"]
[Round "4.53"]
[White "Rathanvel, V S"]
[Black "Pham Tran Gia Phuc"]
[Result "0-1"]
[WhiteTitle "IM"]
[BlackTitle "FM"]
[WhiteElo "2493"]
[BlackElo "2384"]
[WhiteFideId "25002112"]
[BlackFideId "12415669"]
[EventDate "2023.10.11"]

1. e4 e5 2. Nf3 d6 3. d4 exd4 4. Nxd4 Nf6 5. Nc3 Be7 6. g3 O-O 7. Bg2 Re8 8. O-O
Bf8 9. h3 Nbd7 10. Re1 c6 11. g4 d5 12. exd5 Rxe1+ 13. Qxe1 Nxd5 14. Nxd5 cxd5
15. b3 Nf6 16. Bb2 Qb6 17. Qf1 h5 18. g5 Ne4 19. h4 Bd7 20. c4 Bc5 21. Qd3 Re8
22. cxd5 Nxf2 23. Kxf2 Bb5 24. Qc3 Re2+ 25. Kf3 Rxb2 26. Qxb2 Bxd4 27. Qc1 Bd7
28. Rb1 Bf5 29. Qe1 Qd6 30. Rc1 Qxd5+ 31. Kg3 Qd6+ 32. Kf3 Bg4+ 33. Ke4 Bb2 34.
Qg1 Qe5+ 0-1

[Event "Qatar Masters Open 2023"]
[Site "Doha QAT"]
[Date "2023.10.14"]
[Round "4.54"]
[White "Chandra, Akshat"]
[Black "Savitha, Shri B"]
[Result "1-0"]
[WhiteTitle "GM"]
[BlackTitle "WGM"]
[WhiteElo "2486"]
[BlackElo "2375"]
[WhiteFideId "25006711"]
[BlackFideId "35061887"]
[EventDate "2023.10.11"]

1. d4 Nf6 2. c4 g6 3. Nc3 Bg7 4. e4 d6 5. Be2 O-O 6. Be3 c5 7. d5 e6 8. Nf3 exd5
9. cxd5 b5 10. e5 dxe5 11. Bxc5 Re8 12. Bxb5 Bd7 13. Be2 Bg4 14. O-O e4 15. Nd4
Bxe2 16. Ndxe2 Nbd7 17. Bd4 Nb6 18. Qb3 Nbxd5 19. Rad1 Nxc3 20. Nxc3 Qc8 21. Nb5
Re7 22. Rfe1 Qb7 23. Qa4 Re6 24. Nc3 Ra6 25. Qc2 Rc8 26. Qe2 Re6 27. h3 Rce8 28.
Qb5 Qa8 29. Qa4 a6 30. b4 Qb7 31. Qb3 Nh5 32. Be3 Rb8 33. Na4 Ree8 34. a3 a5 35.
Nb6 Qc6 36. bxa5 Qc3 37. Qa4 f5 38. Rc1 Qb2 39. Rc2 Qe5 40. Nd7 Qb5 41. Rc4 Qxa4
42. Rxa4 Rb7 43. Rd1 f4 44. a6 Rb2 45. Bc5 e3 46. fxe3 f3 47. gxf3 Ng3 48. Rg4
Ne2+ 49. Kf1 Nc3 50. Re1 Rd8 51. a7 Rb7 52. Nb8 Rbxb8 53. axb8=Q Rxb8 54. Bd4
Rb3 55. Bxc3 Bxc3 56. Rd1 Rxa3 57. Rc4 Ba5 58. Rd7 Ra1+ 59. Ke2 Ra2+ 60. Kd1 1-0

[Event "Qatar Masters Open 2023"]
[Site "Doha QAT"]
[Date "2023.10.14"]
[Round "4.55"]
[White "Tarhan, Adar"]
[Black "Laddha, Shubh Jayesh"]
[Result "1-0"]
[WhiteTitle "FM"]
[BlackTitle "FM"]
[WhiteElo "2445"]
[BlackElo "2373"]
[WhiteFideId "34544712"]
[BlackFideId "30942799"]
[EventDate "2023.10.11"]

1. e4 e5 2. Nf3 Nc6 3. Bc4 Nf6 4. d3 Bc5 5. c3 d6 6. O-O a5 7. Re1 O-O 8. Bg5 h6
9. Bh4 Ba7 10. Nbd2 g5 11. Bg3 Kg7 12. Nf1 Be6 13. Bb5 Ng8 14. d4 exd4 15. cxd4
Nce7 16. Ne3 f5 17. exf5 Nxf5 18. Rc1 Nxe3 19. Rxe3 Bd5 20. h4 c6 21. Bc4 Bxc4
22. Rxc4 Qf6 23. hxg5 hxg5 24. Re5 Ne7 25. Rxg5+ Kf7 26. d5 Ng6 27. dxc6 bxc6
28. Rcg4 Rg8 29. Qb3+ d5 30. Rxg6 Rxg6 31. Ne5+ 1-0

[Event "Qatar Masters Open 2023"]
[Site "Doha QAT"]
[Date "2023.10.14"]
[Round "4.56"]
[White "Shyaamnikhil, P"]
[Black "Manish Anto, Cristiano F"]
[Result "1-0"]
[WhiteTitle "IM"]
[BlackTitle "IM"]
[WhiteElo "2442"]
[BlackElo "2368"]
[WhiteFideId "5024218"]
[BlackFideId "25095927"]
[EventDate "2023.10.11"]

1. d4 Nf6 2. Nf3 d5 3. c4 e6 4. e3 c5 5. a3 cxd4 6. exd4 dxc4 7. Bxc4 Be7 8. Nc3
O-O 9. O-O b6 10. Re1 Bb7 11. Bg5 Re8 12. Ne5 a6 13. Nxf7 Kxf7 14. Rxe6 Kf8 15.
Ba2 Nbd7 16. Qb3 Nd5 17. Rxe7 Rxe7 18. Nxd5 Re1+ 19. Rxe1 Qxg5 20. Nf4 1-0

[Event "Qatar Masters Open 2023"]
[Site "Doha QAT"]
[Date "2023.10.14"]
[Round "4.57"]
[White "Rohith, Krishna S"]
[Black "Lee, Jun Hyeok"]
[Result "0-1"]
[WhiteTitle "IM"]
[BlackTitle "IM"]
[WhiteElo "2434"]
[BlackElo "2362"]
[WhiteFideId "46617051"]
[BlackFideId "13202340"]
[EventDate "2023.10.11"]

1. d4 Nf6 2. c4 g6 3. Nf3 Bg7 4. g3 b6 5. Bg2 Bb7 6. O-O O-O 7. d5 Na6 8. Nc3
Nc5 9. Nd4 e5 10. Nc2 a5 11. b3 d6 12. Rb1 Bc8 13. e4 Bd7 14. Bb2 Ng4 15. f3 Nh6
16. Ne1 f5 17. Ne2 fxe4 18. fxe4 Rxf1+ 19. Kxf1 Ng4 20. Kg1 Ne3 21. Qc1 Nxg2 22.
Kxg2 Nxe4 23. Qe3 Qf8 24. Rd1 Bh3+ 0-1

[Event "Qatar Masters Open 2023"]
[Site "Doha QAT"]
[Date "2023.10.14"]
[Round "4.58"]
[White "Dragicevic, Drazen"]
[Black "Mohammad, Nubairshah Shaikh"]
[Result "0-1"]
[WhiteTitle "FM"]
[BlackTitle "IM"]
[WhiteElo "2354"]
[BlackElo "2432"]
[WhiteFideId "1707922"]
[BlackFideId "5053196"]
[EventDate "2023.10.11"]

1. e4 c6 2. d4 d5 3. exd5 cxd5 4. Bd3 Nf6 5. c3 Bg4 6. Qb3 Qc7 7. h3 Bd7 8. Ne2
Nc6 9. O-O e5 10. dxe5 Nxe5 11. Bb5 Bd6 12. Bg5 Ne4 13. Bf4 O-O-O 14. Bxd7+ Rxd7
15. Na3 Re8 16. Nb5 Qb6 17. Nxd6+ Rxd6 18. Qa4 Re7 19. Nd4 Rg6 20. Nf5 Ree6 21.
Be3 Qc7 22. f3 Ng3 23. Nxg3 Rxg3 24. Bf4 Qb6+ 25. Qd4 Rgg6 26. Qxb6 axb6 27.
Rad1 Nc4 28. Rf2 Ref6 29. Rd4 Na5 30. Bh2 Rf5 31. g4 Nc6 32. Rd1 d4 33. cxd4 Rd5
34. Rfd2 h5 35. Kf2 hxg4 36. hxg4 f5 37. gxf5 Rxf5 38. d5 Ne5 39. Rc1+ Kd7 40.
Bxe5 Rxe5 41. Rc3 Rh6 42. Kg3 Rg5+ 43. Kf4 Rhh5 44. Rcd3 Kd6 45. Rd4 b5 46. Ke4
Re5+ 47. Kd3 Rh3 48. Rf4 Kxd5 49. Rf7 g5 50. Kc2+ Ke6 51. Rdd7 Rc5+ 52. Kd2 Rh2+
53. Kd3 Rxb2 54. Rde7+ Kd6 55. Rxb7 Rc8 56. Rb6+ Kc5 57. Rg6 Kb4 58. Ra7 Rc3+
59. Ke4 Re2+ 60. Kf5 Rxf3+ 61. Kg4 Rd3 62. Rb6 Rg2+ 63. Kf5 Kc5 64. Rab7 Rd5+
65. Ke4 Rg4+ 66. Ke3 Kb4 0-1

[Event "Qatar Masters Open 2023"]
[Site "Doha QAT"]
[Date "2023.10.14"]
[Round "4.59"]
[White "Lagunow, Raphael"]
[Black "Tissir, Mohamed"]
[Result "1-0"]
[WhiteTitle "IM"]
[BlackTitle "IM"]
[WhiteElo "2425"]
[BlackElo "2344"]
[WhiteFideId "24652644"]
[BlackFideId "9000240"]
[EventDate "2023.10.11"]

1. e4 c5 2. Nf3 e6 3. d4 cxd4 4. Nxd4 Nc6 5. Nc3 d6 6. g4 h6 7. Rg1 Be7 8. Be3
a6 9. Qd2 Bd7 10. O-O-O Rc8 11. f4 b5 12. Bxb5 axb5 13. Ndxb5 Na5 14. Nxd6+ Bxd6
15. Qxd6 Nc4 16. Qd4 e5 17. fxe5 Nxe3 18. Qxe3 Qg5 19. Nd5 Ne7 20. Rd2 Qxe3 21.
Nxe3 Ng6 22. Nf5 Bxf5 23. gxf5 Nxe5 24. Rxg7 Ke7 25. b3 Rc6 26. a4 Rhc8 27. Rg3
Rb8 28. Rd5 Kf6 29. Rh3 Ng4 30. Rh5 Ke7 31. Rb5 Rd8 32. Rh3 Nf2 33. Rf3 Rd1+ 34.
Kb2 Rd2 35. Ka3 Rcxc2 36. f6+ Ke6 37. Kb4 Rc6 38. Rd5 Nxe4 39. Rxd2 Nxd2 40.
Re3+ Kxf6 41. a5 Kg5 42. Kb5 Rc8 43. a6 f5 44. a7 f4 45. Rd3 Nf1 46. Ka6 Nxh2
47. Rh3 Ng4 48. b4 Ne5 49. b5 Nd7 50. Kb7 Rf8 51. Rc3 Kg4 52. Rc7 f3 53. Rxd7 f2
54. Rd1 h5 55. a8=Q Rxa8 56. Kxa8 Kf3 57. b6 Ke2 58. Rh1 f1=Q 59. Rxf1 Kxf1 60.
b7 1-0

[Event "Qatar Masters Open 2023"]
[Site "Doha QAT"]
[Date "2023.10.14"]
[Round "4.60"]
[White "Aradhya, Garg"]
[Black "Kushagra, Mohan"]
[Result "1/2-1/2"]
[WhiteTitle "FM"]
[BlackTitle "IM"]
[WhiteElo "2344"]
[BlackElo "2412"]
[WhiteFideId "25006746"]
[BlackFideId "25033638"]
[EventDate "2023.10.11"]

1. d4 f5 2. Nf3 Nf6 3. c4 g6 4. g3 Bg7 5. Bg2 O-O 6. O-O d6 7. Nc3 Qe8 8. Re1
Qf7 9. Ng5 Qxc4 10. e4 fxe4 11. Ngxe4 Nxe4 12. Rxe4 Qf7 13. Rf4 Bf6 14. Nd5 Na6
15. h4 c6 16. Nxf6+ exf6 17. d5 Bd7 18. b4 Nc7 19. dxc6 Bxc6 20. Bb2 Qe6 21. Bf1
Rae8 22. a4 a6 23. Rc1 Kg7 24. Bg2 Qe2 25. Bxc6 bxc6 26. Ba1 Qxd1+ 27. Rxd1 d5
28. g4 Ne6 29. Rxf6 Rxf6 30. g5 Nf4 31. Bxf6+ Kf7 32. f3 Re3 33. Kf2 Rb3 34. b5
cxb5 35. axb5 axb5 36. Ra1 Nh5 37. Ra7+ Ke6 38. Re7+ Kd6 39. Rxh7 Nxf6 40. gxf6
Ke6 41. f7 Ke7 42. h5 gxh5 43. Rxh5 d4 44. Rd5 d3 45. Rd7+ Kf8 46. Ke3 d2+ 47.
Kxd2 Rxf3 48. Rb7 Rxf7 49. Rxf7+ Kxf7 50. Kc3 Ke6 51. Kb4 Ke5 52. Kc5 b4 53. Kc4
b3 54. Kc3 b2 55. Kxb2 1/2-1/2

[Event "Qatar Masters Open 2023"]
[Site "Doha QAT"]
[Date "2023.10.14"]
[Round "4.61"]
[White "Msellek, Ilyass"]
[Black "Rosen, Eric"]
[Result "1/2-1/2"]
[WhiteTitle "IM"]
[BlackTitle "IM"]
[WhiteElo "2411"]
[BlackElo "2341"]
[WhiteFideId "675938"]
[BlackFideId "2032562"]
[EventDate "2023.10.11"]

1. e4 c5 2. Nf3 e6 3. c3 d5 4. e5 d4 5. d3 Nc6 6. g3 Nge7 7. Bg2 Ng6 8. Qe2 Qc7
9. Na3 Bd7 10. Nb5 Qb8 11. cxd4 a6 12. Na3 cxd4 13. Nc4 Bb4+ 14. Bd2 Bxd2+ 15.
Kxd2 Ra7 16. h4 h5 17. Rhc1 f6 18. a4 b5 19. Nd6+ Ke7 20. exf6+ gxf6 21. axb5
Kxd6 22. bxc6 Qxb2+ 23. Rc2 Qxa1 24. cxd7 Qa5+ 25. Kd1 Rxd7 26. Rc6+ Kxc6 27.
Nxd4+ Kc7 28. Qc2+ Kd6 29. Qc6+ Ke7 30. Qxe6+ Kf8 31. Qxd7 Qa1+ 32. Kd2 Qb2+ 33.
Kd1 Qb1+ 34. Ke2 Qxd3+ 35. Ke1 Qc3+ 36. Kd1 Qd3+ 37. Ke1 Qc3+ 38. Kd1 Qd3+ 1/2-1/2